000 00697nam a2200217Ia 4500
003 GCL
008 140319s9999 xx 000 0 ara d
040 _aGCL /
_cGCL
082 0 4 _a227
_bت ق
100 1 _aتحية عبدالعزيز اسماعيل
245 1 0 _aقران كريم : قضية السورة ومفتاحها /
_cتحية عبدالعزيز اسماعيل
300 _a830 ص ؛
_c28 سم
490 _a
650 0 4 _aالقانون
650 0 4 _aقانون الاجراءات الجنائية
650 0 4 _aقوانين وتشريعات
650 0 4 _aالقران - تفسير
650 0 4 _aالقران - سور وايات
650 0 4 _aالقران
942 _2ddc
_cBK
999 _c53855
_d53855